000 01259cam a22004094a 4500
001 ocm57529337
003 OSt
005 20140310182446.0
008 050119s2005 moua b 001 0 eng
020 _a9789812729606
020 _a9812729607
040 _aNLM
_cNLM
_dUKM
_dKUT
_dCOU
_dOCLCQ
_dCVU
042 _apcc
049 _aCVUA
082 0 4 _aRC 78.5
_b.B722 2011
096 _a
100 1 _aBontrager, Kenneth L.
_97485
245 1 0 _aTextbook of radiographic positioning and related anatomy /
_cKenneth L. Bontrager, John P. Lampignano.
246 3 0 _aRadiographic positioning and related anatomy.
250 _a7th ed.
260 _aSingapore :
_bElsevier Mosby,
_cc2011.
300 _a303 p. :
_bill. ;
_c26 cm.
504 _aIncludes bibliographical references and index.
541 _j1
541 _j2
562 _e2
650 0 _aRadiography, Medical
_xPositioning.
_97486
650 1 2 _aTechnology, Radiologic.
_97487
650 2 2 _aAnatomy, Regional.
_97488
650 2 2 _aPosture.
_97489
650 2 2 _aRadiography
_xmethods.
_97490
700 1 _aLampignano, John P.
_97491
910 _a20050620/w/c;ckc
942 _2lcc
_cSSLC
980 _a220405
_b105165
_e11475
_f10216524
_g1
981 _abbs
_bmfor4
999 _c13599
_d13599